000 00619nam a2200181Ia 4500
003 GCL
008 140319s9999 xx 000 0 ara d
040 _aGCL /
_cGCL
082 0 4 _a071
_bا ط
100 1 _aابراهيم عبدالله المسلمى
245 1 0 _aالطبعات الدولية للصحف العربية : دراسة تحليلية مقارنة /
_cابراهيم عبدالله المسلمى
300 _a151 ص
490 _aالهيئة العامة للاستعلامات
_v0
650 0 4 _aالدوريات
650 0 4 _aالصحف
650 0 4 _aالصحف العربية
942 _2ddc
_cBK
999 _c47990
_d47990